| 000 | 00648nam a2200229Ia 4500 | ||
|---|---|---|---|
| 003 | GCL | ||
| 008 | 140319s9999 xx 000 0 eng d | ||
| 040 |
_aGCL / _cGCL |
||
| 082 | 0 | 4 |
_a338.19 _bL G |
| 100 | 1 | _aLYAN, DAVID H. | |
| 245 | 1 | 0 |
_aGUIDLINES FOR SENSORY ANALYSIS IN FOOD DEVELOPENENT AND QUALITY CONTROL / _cLYAN, DAVID H. |
| 700 | 1 | _aFRENCOMBE, MARIKO A | |
| 700 | 1 | _aHASDELL, TERRY A | |
| 700 | 1 | _aLAWSON, KEN | |
| 260 |
_a[S.N] : _bCHAPMAN & HALL ، _c1992 |
||
| 300 | _a131 P | ||
| 650 | 0 | 4 | _aFOOD INDUSTRY AND TRADE |
| 650 | 0 | 4 | _aQUALITY CONTROL |
| 650 | 0 | 4 | _aFOOD QUALITY |
| 650 | 0 | 4 | _aPRODUCTION CONTROL |
| 942 |
_2ddc _cBK |
||
| 999 |
_c17129 _d17129 |
||